000 00728nam a2200229Ia 4500
003 GCL
008 140319s9999 xx 000 0 ara d
040 _aGCL /
_cGCL
082 0 4 _a811.5
_bا د
100 1 _aابوالعلاء المعرى
245 1 0 _aديوان لزوم مالايلزم ممايسبق حروف الروى /
_cابوالعلاء المعرى
700 1 _aاحمد بن عبدالله بن صالح
700 1 _aكمال الحاج
700 1 _aابن الجوالقى
260 _a[S.N] :
_bدار الجيل ،
_c1992
300 _a608 ص
490 _a
650 0 4 _aالشعر العربى
650 0 4 _aالادب العربى
650 0 4 _aدواوين وقصائد
942 _2ddc
_cBK
999 _c56635
_d56635